000 02022nam a2200349 i 4500
001 162616
003 ES-MaACL
005 20250825063339.0
008 990323e1788 sp |rd 001 0|spa d
040 _cES-MaACL
080 _a7(038)
100 1 _aMartínez, Francisco,
_d1736-1794
_eaut
_9173466
245 1 0 _aProntuario artistico :
_bó Diccionario manual de las Bellas Artes, Pintura, Escultura, Arquitectura, Grabado &tc. : Con la decripción de sus mas principales asuntos : Dispuesto y recogido de varios Autores asi Nacionales como Estrangeros para uso de la Juventud Española /
_cpor el Doctor Don Francisco Martinez, Presbítero...
246 1 _aDiccionario manual de las bellas artes
260 _aMadrid :
_bpor la Viuda de Escribano,
_c1788
300 _a[4], VIII, 419 páginas, [1] en blanco ;
_c4º (21 cm)
500 _aPublicado también con el título: Introducción al conocimiento de las bellas artes, o Diccionario manual de pintura, escultura, arquitectura, grabado. Madrid: Viuda de Escribano, 1788
530 _aDisponible en formato digital
597 _aSign.: []\p2\s, *\p4\s, A-Z\p4\s, 2A-2Z\p4\s, 3A-3F\p4\s, 3G\p2\s.
597 _aAnteportada
650 4 _aArte-
_vDiccionarios
_910094
655 4 _aDiccionarios
_9193753
700 _aEscribano, Viuda de
_eprm
_9242016
740 0 2 _aIntroduccion al conocimiento de las Bellas Artes o Diccionario manual de Pintura, Escultura, Arquitectura y Grabado, &c.
_h[Recurso electrónico]
752 _aEspaña -
_dMadrid
852 4 _aES-MaACL
_cDEPO
_dOlim: C-2876
_jR-269
_xPasta
856 4 _uhttps://catalog.hathitrust.org/Record/000169169
_yVersión en línea
_z(HathiTrust)
856 4 _uhttps://bdh-rd.bne.es/viewer.vm?id=0000055119&page=1
_yVersión en línea: Introducción al conocimiento de las bellas artes o Diccionario manual de pintura, escultura, arquitectura y grabado
_z(Biblioteca Digital Hispánica)
942 _cMONANT
_n0
999 _c162616
_d162616